000 00601nam a22002057a 4500
999 _c16275
_d16275
003 AR-CdUCM
008 190502b ||||| |||| 00| 0 spa d
020 _a84-211-0264-8
040 _aMUNICIPALIDAD PROVINCIAL DEL CUSCO
_cBIBLIOTECA MUNICIPAL DEL CUSCO
082 _a808 /
_bP52
100 _aPiaget, Jean
_912656
245 _aLas explicaciones Causales /
260 _aBarcelona :
_bBarral editores,
_c1971.
300 _a233 paginas :
_c21 cm.
500 _aHistoria y literatura
650 _aHistoria
_9136
650 _aLiteratura
_983
942 _2ddc
_cLIBROS
945 _apjha
_d2019-05-02